| 000 | 00801nam a2200241 u 4500 | ||
|---|---|---|---|
| 001 | 000002303 | ||
| 005 | 20200929150200.0 | ||
| 008 | 090701s2008 dr a r 000 0 spa d | ||
| 040 |
_aDO-SdBNP _bspa _cBNPHU |
||
| 041 | 1 | 7 |
_aspa _aeng _afre |
| 082 |
_a611.738 _bS684a |
||
| 100 | 1 |
_aSoldevila, Dionisio _97326 |
|
| 245 | 1 | 0 |
_aAnatomía humana : _binvestigaciones y descubrimientos no.2 / _cDionisio Soldevila. |
| 260 |
_aSanto Domingo : _bJosé M. Frómeta, _c2008. |
||
| 300 |
_a36 p. _ail. ; _c21 cm. |
||
| 500 | _aIncluye índice | ||
| 546 | _aTexto en español, inglés y francés. | ||
| 590 | _aLa biblioteca posee 1 ejemplar autografiado por el autor | ||
| 590 | _aInventariado, 2018/LP | ||
| 650 | 4 |
_aAnatomía humana _97327 |
|
| 650 | 4 |
_aMúsculos _97328 |
|
| 910 | _aJornada de catalogación | ||
| 999 |
_c2148 _d2148 |
||